| 000 | 00514 a2200145 4500 | ||
|---|---|---|---|
| 020 | _a0195775481 | ||
| 040 | _aDLC | ||
| 082 | 0 | 0 | _a958 |
| 100 | 1 | _aRashid, Ahmed. | |
| 245 | 1 | 4 |
_aThe resurgence of Central Asia : Islam or nationalism _bIslam or nationalism _cAhmed Rashid. |
| 260 |
_aKarachi : _bOxford University Press ; _aLondon ; _aAtlantic Highlands, N.J., USA : _bZed Books, _cc1994. |
||
| 300 |
_aviii, 278 p. : _bmap ; _c22 cm. |
||
| 650 | 0 |
_aIslam _zAsia, Central _xHistory _y20th century. |
|
| 942 |
_cBK _k958 AHM _2ddc |
||
| 999 |
_c5219 _d5219 |
||